Statistics for One sentence sports

Click here to take the quiz!

General Stats

  • This quiz has been taken 27 times
  • The average score is 18 of 30

Answer Stats

HintSport% Correct
Falling into a pool in an attempt to not make a splash.Diving
96%
Two people wave metal in an attempt to prick each other.Fencing
96%
Batting a ball and running around a diamond.Baseball
83%
Rolling a heavy ball at a bunch of pins.Bowling
83%
Sliding a stone on ice while another team member performs cleaning chores.Curling
83%
Chasing a little black rubber around ice and hoping to hit it in the net.Ice hockey
78%
Beating a rubber ball against a wall in singles or doubles.Squash
78%
Two teams slap a ball around in an attempt to not allow it to touch the ground.Volleyball
78%
Slapping a sort of a cock across a net, usuall in singles or doubles.Badminton
74%
A party sport where you throw a little plastic ball in a cup full of intoxicating liquid.Beer pong
74%
Jumping over a stick with no assistance beyond your own feet, running and strategic steps.High jump
74%
A martial art, with a lot of punching and kicking, developed in Ryukyu Kingdom.Karate
74%
Hands-on combat, usually, between two strong people grappling, throwing, pinning and farting around a limited area.Wrestling
74%
Two smaller teams slapping a ball around as above, but usually on sand.Beachvolley
70%
Throwing small missiles at a target in a professional setting or in public houses.Darts
70%
Self-propulsion across water with a variety of styles.Swimming
70%
An art of hunting and warfare with a string tied to a bent stick shooting a straight stick made into target practice.Archery
65%
Throwing an old-time weapon after a short run, sometimes with a jump and tumble at the end.Javelin throw
65%
Jumping over a stick with the assistance of another stick and hoping to land on a mattress.Pole vault
65%
A Persian origin team sport played on a horseback and with a mallet.Polo
65%
A little bit like the above, but with the gravity doing most of the work in sliding you.Alpine skiing
52%
Foot racing over obstacles.Hurdling
48%
A team game of throwing and catching a flying disc.Ultimate
48%
Navigating across a terrain to find control points with the help of a map and a compass.Orienteering
43%
Sliding yourself forwards on snow with poles in your hands and 'boards' under your feet.Cross-country skiing
39%
Bolting around on foot races of different lengths.Running
30%
Foot racing while faking that one foot touches the ground at all times.Racewalking
13%
Usually big people pushing a heavy metal ball for around 20 meters.Shot put
13%
A person carrying sport where, traditionally, the fastest one wins his wife's weight in beer.Wife-carrying
13%
South Asian footvolley played with a rattan.Sepak takraw
0%

Score Distribution

Percentile by Number Answered

Percent of People with Each Score

Your Score History

You have not taken this quiz